[Event "DVM U14w 2013"]
[Site "Oberbernhards-Hilders GER"]
[Date "2014.06.28"]
[Round "6"]
[White "Poetsch, Leonore"]
[Black "Neumann, Isabel"]
[Result "1/2-1/2"]
[Termination "normal"]
[Board "1.1"]
[WhiteElo "1477"]
[BlackElo "1508"]
[WhiteTeam "SK Langen"]
[BlackTeam "SV 1919 Grimma"]
[PlyCount "93"]
[WhiteFideId "12940372"]
[BlackFideId "12964468"]
[EventCountry "GER"]
[EventRounds "7"]
[EventType "team-swiss"]
[EventDate "2013.12.26"]

1. e4 c5 2. c3 d5 3. exd5 Qxd5 4. Nf3 e6 5. Be2 Nf6 6. O-O Be7 7. d4 O-O 8. Be3
Rd8 9. dxc5 Qxd1 10. Rxd1 Rxd1+ 11. Bxd1 Nbd7 12. b4 a5 13. Bb3 Nb8 14. Nbd2
axb4 15. cxb4 Na6 16. Nc4 Nd5 17. Bd2 Naxb4 18. Bxb4 Nxb4 19. Nb6 Rb8 20. Na4
Bd7 21. a3 Nd3 22. Nb6 Bc6 23. Nd4 Bxc5 24. Nxc6 bxc6 25. Bc2 Bxf2+ 26. Kf1
Rxb6 27. Bxd3 Bd4 28. Rd1 c5 29. a4 Rb2 30. Be4 Ra2 31. Bc6 e5 32. Rb1 Ra1 33.
Rxa1 Bxa1 34. a5 Bd4 35. Bd5 Kf8 36. a6 c4 37. Bxc4 Ke7 38. Ke2 f5 39. Kf3 g5
40. h3 h5 41. g4 hxg4+ 42. hxg4 e4+ 43. Kg2 f4 44. Bd5 f3+ 45. Kf1 f2 46. Bxe4
Kf6 47. Bf5 1/2-1/2

[Event "DVM U14w 2013"]
[Site "Oberbernhards-Hilders GER"]
[Date "2014.06.28"]
[Round "6"]
[White "Peters, Theresa"]
[Black "Reinecke, Katharina"]
[Result "1/2-1/2"]
[Termination "normal"]
[Board "1.2"]
[WhiteElo "1618"]
[BlackElo "1583"]
[WhiteTeam "SV 1919 Grimma"]
[BlackTeam "SK Langen"]
[PlyCount "104"]
[WhiteFideId "12952192"]
[BlackFideId "12929727"]
[EventCountry "GER"]
[EventRounds "7"]
[EventType "team-swiss"]
[EventDate "2013.12.26"]

1. e4 c6 2. d4 d5 3. Nc3 dxe4 4. Nxe4 Bf5 5. Ng3 Bg6 6. Nf3 Nd7 7. h4 h6 8. Bd3
Bxd3 9. Qxd3 Ngf6 10. Bd2 e6 11. O-O-O Be7 12. Ne2 Qb6 13. Nc3 O-O-O 14. Na4
Qc7 15. Qb3 Nd5 16. Kb1 Bd6 17. g3 Rhe8 18. c4 N5f6 19. c5 Bf8 20. Bf4 Qa5 21.
Nc3 Nh5 22. Bd2 Qc7 23. Qa3 Kb8 24. Ne2 Ka8 25. g4 Nhf6 26. Bf4 Qc8 27. g5 Nd5
28. Bg3 h5 29. Rd3 b6 30. Bd6 Bxd6 31. cxd6 Qb7 32. Ne5 Rf8 33. Nc3 Nxc3+ 34.
Rxc3 c5 35. Re1 Nxe5 36. dxe5 g6 37. Rc4 Rd7 38. Qd3 Rfd8 39. Qe4 Qxe4+ 40.
Rcxe4 Rb8 41. R1e3 Rbb7 42. Kc2 a6 43. Ra4 Ra7 44. Rc4 Kb7 45. Rec3 a5 46. a3
Ka6 47. b4 axb4 48. axb4 cxb4 49. Rxb4 b5 50. Rcb3 Rab7 51. Kd3 Rd8 52. Kd4 Rc8
1/2-1/2

[Event "DVM U14w 2013"]
[Site "Oberbernhards-Hilders GER"]
[Date "2014.06.28"]
[Round "6"]
[White "Flach, Helene"]
[Black "Könze, Heike"]
[Result "1/2-1/2"]
[Termination "normal"]
[Board "1.3"]
[WhiteElo "1323"]
[BlackElo "1471"]
[WhiteTeam "SK Langen"]
[BlackTeam "SV 1919 Grimma"]
[PlyCount "96"]
[WhiteFideId "12929735"]
[BlackFideId "12964476"]
[EventCountry "GER"]
[EventRounds "7"]
[EventType "team-swiss"]
[EventDate "2013.12.26"]

1. e4 e6 2. d4 d5 3. exd5 exd5 4. Bd3 Nf6 5. Ne2 Be7 6. Bf4 b6 7. O-O O-O 8.
Nd2 Bb7 9. Ng3 Nbd7 10. Re1 Re8 11. Nf3 c5 12. c3 Bf8 13. Rxe8 Qxe8 14. Nf5 Ne4
15. Ng5 Nxg5 16. Bxg5 Qe6 17. Qd2 Re8 18. h3 c4 19. Bc2 b5 20. Qe3 Qxe3 21.
Nxe3 h6 22. Bf4 g5 23. Bh2 a6 24. Kf1 Bg7 25. Nf5 Bf8 26. Nd6 Bxd6 27. Bxd6 f6
28. Re1 Rxe1+ 29. Kxe1 Kg7 30. Ke2 Bc8 31. Kf3 Nf8 32. Ke3 Ng6 33. g3 Bxh3 34.
Bxg6 Kxg6 35. Kf3 Be6 36. Ke3 h5 37. Kf3 Kf5 38. Bc7 Bf7 39. Bd6 Bg6 40. Bc7 h4
41. g4+ Ke6 42. Kg2 Bc2 43. Bb8 Bd1 44. f3 f5 45. gxf5+ Kxf5 46. Kf2 g4 47.
fxg4+ Kxg4 48. Bc7 h3 1/2-1/2

[Event "DVM U14w 2013"]
[Site "Oberbernhards-Hilders GER"]
[Date "2014.06.28"]
[Round "6"]
[White "Hagenbeck-Hübert, Lara"]
[Black "Lehnert, Anna-Victoria"]
[Result "1-0"]
[Termination "normal"]
[Board "1.4"]
[WhiteElo "1294"]
[BlackElo "1021"]
[WhiteTeam "SV 1919 Grimma"]
[BlackTeam "SK Langen"]
[PlyCount "95"]
[WhiteFideId "12964484"]
[BlackFideId "12957062"]
[EventCountry "GER"]
[EventRounds "7"]
[EventType "team-swiss"]
[EventDate "2013.12.26"]

1. d4 Nf6 2. Bf4 g6 3. Nf3 Bg7 4. e3 O-O 5. Nbd2 d6 6. Be2 Nbd7 7. h3 Qe8 8. c3
b6 9. Rc1 e5 10. dxe5 dxe5 11. Bh2 Bb7 12. b4 Qe7 13. a4 a6 14. O-O Rfe8 15.
Qb3 Qe6 16. Qxe6 Rxe6 17. Nc4 Ne4 18. Rfd1 Nd6 19. Nxd6 Rxd6 20. Rxd6 cxd6 21.
Rd1 Rc8 22. Rxd6 e4 23. Rxd7 exf3 24. Bxf3 Rxc3 25. Rd8+ Bf8 26. Bd6 Rc1+ 27.
Kh2 Bxf3 28. Rxf8+ Kg7 29. gxf3 Rc6 30. Rd8 Kf6 31. Bf4 Ke7 32. Ra8 b5 33. axb5
axb5 34. Rb8 Rc2 35. Kg2 Rc4 36. Rxb5 Rc8 37. Re5+ Kf6 38. b5 Rb8 39. Rf5+ gxf5
40. Bxb8 Ke7 41. b6 Kf8 42. Bc7 Kg7 43. b7 Kg6 44. b8=Q Kg7 45. Be5+ Kg6 46.
Qg8+ Kh5 47. Bf6 h6 48. Qxf7# 1-0

[Event "DVM U14w 2013"]
[Site "Oberbernhards-Hilders GER"]
[Date "2014.06.28"]
[Round "6"]
[White "Moses, Selina"]
[Black "Gatzke, Carolin"]
[Result "1-0"]
[Termination "normal"]
[Board "2.1"]
[WhiteElo "1723"]
[BlackElo "1731"]
[WhiteTeam "SV Muldental Wilkau-Haßlau"]
[BlackTeam "SK Blauer Springer Paderborn"]
[PlyCount "37"]
[WhiteFideId "12908070"]
[BlackFideId "12943746"]
[EventCountry "GER"]
[EventRounds "7"]
[EventType "team-swiss"]
[EventDate "2013.12.26"]

1. e4 c5 2. Nf3 e6 3. d4 cxd4 4. Nxd4 a6 5. Nc3 b5 6. Bd3 Qb6 7. Nb3 Qc7 8. O-O
Nf6 9. Re1 d6 10. a4 b4 11. Na2 d5 12. exd5 Be7 13. dxe6 Bxe6 14. Nd4 Bxa2 15.
Rxa2 O-O 16. Nf5 Bc5 17. Qf3 Nc6 18. Nxg7 Kxg7 19. Bh6+ 1-0

[Event "DVM U14w 2013"]
[Site "Oberbernhards-Hilders GER"]
[Date "2014.06.28"]
[Round "6"]
[White "Möller, Lisa-Marie"]
[Black "Simon, Tessa"]
[Result "0-1"]
[Termination "normal"]
[Board "2.2"]
[WhiteElo "1453"]
[BlackElo "1620"]
[WhiteTeam "SK Blauer Springer Paderborn"]
[BlackTeam "SV Muldental Wilkau-Haßlau"]
[PlyCount "34"]
[WhiteFideId "12959367"]
[BlackFideId "12929395"]
[EventCountry "GER"]
[EventRounds "7"]
[EventType "team-swiss"]
[EventDate "2013.12.26"]

1. e4 e5 2. Nf3 Nc6 3. c3 d5 4. Qa4 dxe4 5. Nxe5 Qd5 6. Nxc6 bxc6 7. Bc4 Qd6 8.
O-O Be7 9. Qb3 Qg6 10. Kh1 Nf6 11. Qc2 Bf5 12. Qa4 Ng4 13. h3 Ne5 14. Be2 e3
15. Na3 Bd3 16. Bxd3 Qxd3 17. Re1 exf2 0-1

[Event "DVM U14w 2013"]
[Site "Oberbernhards-Hilders GER"]
[Date "2014.06.28"]
[Round "6"]
[White "Fromm, Katja"]
[Black "Schmidtmann, Samantha"]
[Result "1/2-1/2"]
[Termination "normal"]
[Board "2.3"]
[WhiteElo "1595"]
[BlackElo "1368"]
[WhiteTeam "SV Muldental Wilkau-Haßlau"]
[BlackTeam "SK Blauer Springer Paderborn"]
[PlyCount "62"]
[WhiteFideId "12929409"]
[BlackFideId "12956759"]
[EventCountry "GER"]
[EventRounds "7"]
[EventType "team-swiss"]
[EventDate "2013.12.26"]

1. d4 Nf6 2. c4 g6 3. Nf3 Bg7 4. g3 O-O 5. Bg2 d6 6. O-O Bf5 7. Nc3 Nbd7 8. h3
Nb6 9. b3 Re8 10. Re1 e5 11. e4 Bd7 12. d5 a5 13. Rb1 Qe7 14. Qd3 Rab8 15. Nd2
a4 16. b4 Nh5 17. Kh2 f5 18. Ba3 fxe4 19. Ncxe4 Nf6 20. Nxf6+ Qxf6 21. Ne4 Qe7
22. c5 Nc8 23. Nd2 Bf5 24. Ne4 Na7 25. g4 Bd7 26. Nc3 Rf8 27. Kg1 Qf6 28. Re2
Kh8 29. Qc4 Rf7 30. f3 Qf4 31. Re4 Qg3 1/2-1/2

[Event "DVM U14w 2013"]
[Site "Oberbernhards-Hilders GER"]
[Date "2014.06.28"]
[Round "6"]
[White "Walow, Xenia"]
[Black "Von Jan, Lena"]
[Result "1/2-1/2"]
[Termination "normal"]
[Board "2.4"]
[WhiteElo "1352"]
[BlackElo "1373"]
[WhiteTeam "SK Blauer Springer Paderborn"]
[BlackTeam "SV Muldental Wilkau-Haßlau"]
[PlyCount "52"]
[WhiteFideId "12971839"]
[BlackFideId "12946060"]
[EventCountry "GER"]
[EventRounds "7"]
[EventType "team-swiss"]
[EventDate "2013.12.26"]

1. d4 d5 2. Nf3 Nf6 3. Bf4 Bf5 4. e3 e6 5. Bd3 Bg6 6. Qe2 Nbd7 7. Nbd2 Nb6 8.
h3 Be7 9. Ne5 Bxd3 10. Qxd3 Bd6 11. Qb5+ c6 12. Qd3 Qe7 13. a3 O-O 14. Qe2 Nbd7
15. h4 Rfe8 16. h5 Nb6 17. g4 Nfd7 18. Rg1 f6 19. Nxd7 Nxd7 20. Bxd6 Qxd6 21.
O-O-O c5 22. g5 f5 23. g6 h6 24. Rde1 Rac8 25. c3 Nf6 26. Rh1 c4 1/2-1/2

[Event "DVM U14w 2013"]
[Site "Oberbernhards-Hilders GER"]
[Date "2014.06.28"]
[Round "6"]
[White "Denkert, Anna"]
[Black "Usczeck, Alina"]
[Result "1/2-1/2"]
[Termination "normal"]
[Board "3.1"]
[WhiteElo "1608"]
[BlackElo "1554"]
[WhiteTeam "SV Empor Berlin"]
[BlackTeam "SV Turm Lahnstein"]
[PlyCount "93"]
[WhiteFideId "12938122"]
[BlackFideId "12938114"]
[EventCountry "GER"]
[EventRounds "7"]
[EventType "team-swiss"]
[EventDate "2013.12.26"]

1. e4 c6 2. d4 d5 3. e5 c5 4. Nc3 e6 5. Nf3 Nc6 6. Be3 cxd4 7. Nxd4 Nxe5 8. Bf4
Ng6 9. Bg3 a6 10. Bd3 Nf6 11. O-O Bd6 12. Re1 O-O 13. Bxg6 hxg6 14. Bh4 Qc7 15.
Nf3 b6 16. Bxf6 gxf6 17. Qd4 Kg7 18. h3 Rh8 19. Rad1 Bb7 20. Qd3 Rac8 21. Nd4
e5 22. Nb3 d4 23. Ne4 Be7 24. Re2 Qc6 25. f3 Rh6 26. Ng3 Qc7 27. Nh1 Qc4 28.
Qxc4 Rxc4 29. Nf2 Rh8 30. Nxd4 Bc5 31. Nb3 Bxf2+ 32. Kxf2 Rhc8 33. Rd6 R4c6 34.
Rxc6 Rxc6 35. Rd2 Kf8 36. c3 Ke7 37. Ke3 Rd6 38. Rxd6 Kxd6 39. h4 Bc8 40. g4 f5
41. h5 gxh5 42. gxh5 Ke6 43. Nd2 f4+ 44. Kd3 Bb7 45. c4 a5 46. a3 a4 47. h6
1/2-1/2

[Event "DVM U14w 2013"]
[Site "Oberbernhards-Hilders GER"]
[Date "2014.06.28"]
[Round "6"]
[White "Ley, Sabrina"]
[Black "Du, Katharina"]
[Result "1-0"]
[Termination "normal"]
[Board "3.2"]
[WhiteElo "1487"]
[BlackElo "1513"]
[WhiteTeam "SV Turm Lahnstein"]
[BlackTeam "SV Empor Berlin"]
[PlyCount "56"]
[WhiteFideId "12938130"]
[BlackFideId "12945757"]
[EventCountry "GER"]
[EventRounds "7"]
[EventType "team-swiss"]
[EventDate "2013.12.26"]

1. d4 d5 2. c4 e6 3. Nc3 Nf6 4. cxd5 exd5 5. Bg5 c6 6. e3 Bd6 7. Bd3 O-O 8. Qc2
h6 9. Bh4 Bg4 10. h3 Be6 11. Nge2 Nbd7 12. O-O-O Qc7 13. g4 c5 14. g5 hxg5 15.
Bxg5 c4 16. Bf5 a5 17. Rdg1 Rfc8 18. Bh6 Bf8 19. Bxe6 fxe6 20. Qg6 Ne8 21.
Qxe6+ Kh8 22. Bf4 Qc6 23. Qxd5 Qxd5 24. Nxd5 Nef6 25. Nec3 b5 26. Nxf6 Nxf6 27.
Nxb5 Ne4 28. Rh2 Rab8 1-0

[Event "DVM U14w 2013"]
[Site "Oberbernhards-Hilders GER"]
[Date "2014.06.28"]
[Round "6"]
[White "Dinh, Vivien Havy"]
[Black "Reitz, Theresa"]
[Result "0-1"]
[Termination "normal"]
[Board "3.3"]
[WhiteElo "1140"]
[BlackElo "1308"]
[WhiteTeam "SV Empor Berlin"]
[BlackTeam "SV Turm Lahnstein"]
[PlyCount "74"]
[BlackFideId "12971901"]
[EventCountry "GER"]
[EventRounds "7"]
[EventType "team-swiss"]
[EventDate "2013.12.26"]

1. e4 c5 2. Nf3 e6 3. d4 cxd4 4. Nxd4 a6 5. Nc3 Qc7 6. Bd3 Nf6 7. O-O Be7 8.
Bg5 O-O 9. Re1 d6 10. Nf3 Nbd7 11. Qd2 b5 12. Rad1 Bb7 13. Qf4 h6 14. Bxf6 Bxf6
15. Re2 Ne5 16. Re3 Nxf3+ 17. Rxf3 Be5 18. Qh4 b4 19. Na4 Rfd8 20. Re3 a5 21.
Ree1 d5 22. g3 Rd7 23. Qg4 Rad8 24. exd5 Bxd5 25. Bb5 Bc6 26. Rxd7 Rxd7 27.
Bxc6 Qxc6 28. Rxe5 Qxa4 29. Qc4 Rd2 30. Rc5 Rd1+ 31. Kg2 Rd8 32. a3 Rb8 33. Qa6
bxa3 34. Rc4 Qxc4 35. Qxc4 axb2 36. Qa2 b1=Q 37. Qxb1 Rxb1 0-1

[Event "DVM U14w 2013"]
[Site "Oberbernhards-Hilders GER"]
[Date "2014.06.28"]
[Round "6"]
[White "Rau, Jennifer"]
[Black "Alcer, Johanna"]
[Result "1-0"]
[Termination "normal"]
[Board "3.4"]
[WhiteElo "1098"]
[BlackElo "999"]
[WhiteTeam "SV Turm Lahnstein"]
[BlackTeam "SV Empor Berlin"]
[PlyCount "107"]
[WhiteFideId "12983276"]
[BlackFideId "12964450"]
[EventCountry "GER"]
[EventRounds "7"]
[EventType "team-swiss"]
[EventDate "2013.12.26"]

1. e4 e5 2. Nf3 Nc6 3. Bc4 Bc5 4. d3 Nf6 5. Nc3 d6 6. Bg5 Bg4 7. h3 Be6 8. Bb3
O-O 9. Be3 Bb6 10. Qd2 Qd7 11. g4 Nd4 12. Nh4 h6 13. O-O-O d5 14. g5 Nxb3+ 15.
cxb3 d4 16. gxf6 dxe3 17. fxe3 gxf6 18. Rhg1+ Kh7 19. Rg3 Bxh3 20. Nd5 Qc6+ 21.
Qc2 Qxc2+ 22. Kxc2 Bd7 23. Nxf6+ Kh8 24. Nxd7 Rg8 25. Rdg1 Bxe3 26. Rxg8+ Rxg8
27. Rxg8+ Kxg8 28. Nxe5 Bd4 29. Nhf3 Bxe5 30. Nxe5 Kg7 31. Kd2 Kf6 32. d4 h5
33. Ke3 c5 34. Nd7+ Ke7 35. Nxc5 b6 36. Nd3 h4 37. Nf4 h3 38. Nxh3 Ke6 39. Nf4+
Kd6 40. b4 Kc6 41. a4 Kd6 42. b5 Kd7 43. b4 Kd6 44. e5+ Kd7 45. Ke4 Ke7 46. d5
Kd7 47. d6 Ke8 48. a5 Kd7 49. Kd5 Kd8 50. Kc6 Kc8 51. e6 fxe6 52. Nxe6 Kb8 53.
d7 bxa5 54. d8=Q# 1-0

[Event "DVM U14w 2013"]
[Site "Oberbernhards-Hilders GER"]
[Date "2014.06.28"]
[Round "6"]
[White "Sadewasser, Lucie"]
[Black "Wächter, Nathalie"]
[Result "1/2-1/2"]
[Termination "normal"]
[Board "4.1"]
[WhiteElo "1542"]
[BlackElo "1733"]
[WhiteTeam "TSG Gadebusch"]
[BlackTeam "Tura Harksheide"]
[PlyCount "145"]
[WhiteFideId "12905445"]
[BlackFideId "12921033"]
[EventCountry "GER"]
[EventRounds "7"]
[EventType "team-swiss"]
[EventDate "2013.12.26"]

1. e4 e5 2. Nf3 Nc6 3. Bc4 Bc5 4. Nc3 Nf6 5. d3 h6 6. h3 d6 7. Be3 Bb6 8. Qd2
Be6 9. Bxe6 fxe6 10. Bxb6 axb6 11. d4 exd4 12. Nxd4 Nxd4 13. Qxd4 Ra5 14. O-O-O
Qd7 15. Rhe1 e5 16. Qe3 b5 17. a3 O-O 18. Qd3 Kh8 19. Nd5 b6 20. Qc3 Nxd5 21.
Rxd5 Qe7 22. Qe3 Rfa8 23. Red1 Qf7 24. R1d3 Qg6 25. g4 b4 26. axb4 Ra1+ 27. Kd2
Rb1 28. Ra3 Rf8 29. b3 Rf1 30. Kc3 R8xf2 31. Ra8+ Kh7 32. Kb2 Rf4 33. Qd3 Qxe4
34. Ra7 Qxd3 35. Rxd3 Rf7 36. Rc3 c5 37. Rxf7 Rxf7 38. bxc5 dxc5 39. Re3 Re7
40. Kc3 Kg6 41. Kc4 Kf6 42. Kd5 Kg5 43. Kd6 Kf4 44. Re1 Re8 45. Kd7 Ra8 46. Kc6
Ra2 47. Kd5 Rxc2 48. Re4+ Kf3 49. Kxe5 Rb2 50. Kd5 Rxb3 51. Re7 Kg3 52. Rxg7
Kxh3 53. Rg6 Rb4 54. Rxh6+ Kxg4 55. Re6 Kf3 56. Re5 Rd4+ 57. Kc6 c4 58. Kxb6 c3
59. Rc5 Rd3 60. Kb5 Ke2 61. Kb4 Kd2 62. Kb3 Rd7 63. Rh5 Rb7+ 64. Ka3 Rd7 65.
Kb3 Rb7+ 66. Ka3 c2 67. Rh2+ Kd3 68. Rh3+ Kd4 69. Rh4+ Kd5 70. Rh5+ Kc6 71.
Rh6+ Kb5 72. Kb2 Rc7 73. Rh1 1/2-1/2

[Event "DVM U14w 2013"]
[Site "Oberbernhards-Hilders GER"]
[Date "2014.06.28"]
[Round "6"]
[White "Lübbert, Charline"]
[Black "Giede, Anna-Blume"]
[Result "0-1"]
[Termination "normal"]
[Board "4.3"]
[WhiteElo "1166"]
[BlackElo "1453"]
[WhiteTeam "TSG Gadebusch"]
[BlackTeam "Tura Harksheide"]
[PlyCount "86"]
[WhiteFideId "12983381"]
[BlackFideId "12921980"]
[EventCountry "GER"]
[EventRounds "7"]
[EventType "team-swiss"]
[EventDate "2013.12.26"]

1. e4 c6 2. Nf3 d5 3. exd5 cxd5 4. d4 Nf6 5. Bd3 Nc6 6. Bf4 Qb6 7. Nc3 a6 8.
Rb1 Bg4 9. Be2 e6 10. a3 Bxf3 11. Bxf3 Nxd4 12. Be3 Nxf3+ 13. Qxf3 d4 14. Bxd4
Qxd4 15. Qxb7 Qe5+ 16. Ne2 Qd5 17. Qxd5 Nxd5 18. O-O Be7 19. c4 Nb6 20. Rbc1
Rc8 21. Rc2 Rxc4 22. Rxc4 Nxc4 23. Rc1 Nxb2 24. Rc8+ Bd8 25. Ra8 a5 26. Nd4 O-O
27. Nc6 Bf6 28. Rxa5 Rc8 29. Ra6 Nc4 30. g3 g6 31. Nb4 Be7 32. Ra4 Nxa3 33.
Rxa3 Bxb4 34. Rb3 Be7 35. Rd3 Rd8 36. Rxd8+ Bxd8 37. Kg2 Kg7 38. h3 f5 39. f4
Kf6 40. Kf3 e5 41. fxe5+ Kxe5 42. h4 g5 43. hxg5 Bxg5 0-1

[Event "DVM U14w 2013"]
[Site "Oberbernhards-Hilders GER"]
[Date "2014.06.28"]
[Round "6"]
[White "Rosinski, Marietta"]
[Black "Albrecht, Marie"]
[Result "0-1"]
[Termination "normal"]
[Board "4.4"]
[WhiteElo "770"]
[BlackElo "850"]
[WhiteTeam "Tura Harksheide"]
[BlackTeam "TSG Gadebusch"]
[PlyCount "150"]
[WhiteFideId "12980250"]
[BlackFideId "12983390"]
[EventCountry "GER"]
[EventRounds "7"]
[EventType "team-swiss"]
[EventDate "2013.12.26"]

1. d4 d5 2. Nc3 Nf6 3. Bf4 e6 4. Nb5 Bd6 5. Qd2 O-O 6. Nf3 Nc6 7. e3 Ne4 8. Qe2
b6 9. Qd1 Ba6 10. Nxd6 cxd6 11. Bxa6 Qc7 12. Nh4 e5 13. Bg3 Nb4 14. O-O Nxa6
15. Rc1 Nb4 16. c3 Nxa2 17. Ra1 Qc4 18. Qg4 Qb3 19. Rab1 Nd2 20. Nf5 g6 21.
Nxd6 Nxb1 22. Rxb1 Qc2 23. Rd1 Qxb2 24. Qg5 Qe2 25. Rf1 Rad8 26. Bxe5 Qh5 27.
Qf6 Qxe5 28. Qxe5 Nxc3 29. Qe7 b5 30. Qc7 b4 31. Nb7 Rc8 32. Qa5 b3 33. Qa3 Rc7
34. Qxb3 Rb8 35. Qa3 Rcxb7 36. Qd6 Rc8 37. f3 Rbb8 38. Kf2 a5 39. Ra1 Ra8 40.
Qb6 a4 41. Qb4 Rc4 42. Qa3 Nb5 43. Qd3 a3 44. Qe2 Nc3 45. Qd3 a2 46. e4 Nb5 47.
exd5 Rb4 48. Ke3 Na3 49. Rxa2 Nc4+ 50. Ke4 Rxa2 51. d6 Nxd6+ 52. Ke5 Rb6 53. g4
Rab2 54. h3 R2b3 55. Qe2 R3b5+ 56. d5 Kg7 57. Qd2 Nc4+ 58. Kd4 Nxd2 59. f4 Rb4+
60. Kc5 R4b5+ 61. Kd4 Nf3+ 62. Ke4 Nd2+ 63. Kd4 Nb3+ 64. Ke4 f6 65. g5 fxg5 66.
fxg5 h6 67. gxh6+ Kxh6 68. d6 Rxd6 69. Kf4 Re6 70. Kg4 Re4+ 71. Kf3 Nd2+ 72.
Kf2 Rb3 73. h4 Rf3+ 74. Kg2 Re2+ 75. Kg1 Rf1# 0-1

[Event "DVM U14w 2013"]
[Site "Oberbernhards-Hilders GER"]
[Date "2014.06.28"]
[Round "6"]
[White "Halas, Julia"]
[Black "Kluge, Leyla"]
[Result "1-0"]
[Termination "normal"]
[Board "5.1"]
[WhiteElo "1573"]
[BlackElo "1691"]
[WhiteTeam "Schachgemeinschaft Leipzig"]
[BlackTeam "USG Chemnitz"]
[PlyCount "73"]
[WhiteFideId "12931810"]
[BlackFideId "12918172"]
[EventCountry "GER"]
[EventRounds "7"]
[EventType "team-swiss"]
[EventDate "2013.12.26"]

1. d4 f5 2. c4 g6 3. Nf3 Bg7 4. g3 Nf6 5. Bg2 d6 6. O-O O-O 7. Nc3 Qe8 8. Re1
e5 9. e4 fxe4 10. dxe5 dxe5 11. Nxe4 Nc6 12. Nxf6+ Bxf6 13. Bh6 Bg7 14. Bxg7
Kxg7 15. Ng5 h6 16. Ne4 Qf7 17. Rc1 Be6 18. b3 Rad8 19. Qe2 Nd4 20. Qe3 Bg4 21.
Nc5 b6 22. Nd3 Qf6 23. Nxe5 Bf5 24. Red1 c5 25. f4 Rd6 26. Be4 Rfd8 27. Bxf5
Qxf5 28. Rd2 Re6 29. Kg2 g5 30. Qd3 Qf6 31. Qe4 Rf8 32. Rf1 Nc6 33. Rd7+ Re7
34. Rxe7+ Nxe7 35. Nd7 Qf5 36. Qxe7+ Rf7 37. Qe5+ 1-0

[Event "DVM U14w 2013"]
[Site "Oberbernhards-Hilders GER"]
[Date "2014.06.28"]
[Round "6"]
[White "Peil, Celine"]
[Black "Schmidt, Alexandra"]
[Result "1/2-1/2"]
[Termination "normal"]
[Board "5.2"]
[WhiteElo "1349"]
[BlackElo "1512"]
[WhiteTeam "USG Chemnitz"]
[BlackTeam "Schachgemeinschaft Leipzig"]
[PlyCount "76"]
[WhiteFideId "12942219"]
[BlackFideId "12946036"]
[EventCountry "GER"]
[EventRounds "7"]
[EventType "team-swiss"]
[EventDate "2013.12.26"]

1. e4 e6 2. d4 d5 3. Nc3 Bb4 4. exd5 exd5 5. Be2 Nf6 6. Nf3 O-O 7. O-O Bg4 8.
Re1 Nbd7 9. Bf4 Ne4 10. Bd2 Nxd2 11. Nxd2 Bxc3 12. bxc3 Bf5 13. c4 Nf6 14. Nb3
Re8 15. cxd5 Nxd5 16. Qd2 Qd6 17. c3 Qg6 18. Bf3 c6 19. Rad1 Nf6 20. Qf4 Ne4
21. Bxe4 Bxe4 22. Qg3 Qxg3 23. hxg3 Bd5 24. Re3 Rxe3 25. fxe3 Re8 26. Kf2 f5
27. Rd2 b6 28. Nc1 Bc4 29. Nd3 Bxd3 30. Rxd3 g6 31. Rd2 b5 32. Rc2 Re6 33. Ke2
Kf7 34. Kd3 Kf6 35. c4 a6 36. cxb5 axb5 37. Ke2 Kg5 38. Kf3 h6 1/2-1/2

[Event "DVM U14w 2013"]
[Site "Oberbernhards-Hilders GER"]
[Date "2014.06.28"]
[Round "6"]
[White "Kahle, Leonie"]
[Black "Wienhold, Nadine"]
[Result "0-1"]
[Termination "normal"]
[Board "5.3"]
[WhiteElo "1365"]
[BlackElo "1222"]
[WhiteTeam "Schachgemeinschaft Leipzig"]
[BlackTeam "USG Chemnitz"]
[PlyCount "78"]
[WhiteFideId "12983306"]
[BlackFideId "12964514"]
[EventCountry "GER"]
[EventRounds "7"]
[EventType "team-swiss"]
[EventDate "2013.12.26"]

1. e4 e5 2. Nf3 Nc6 3. d4 exd4 4. Bc4 h6 5. Nxd4 Nf6 6. O-O Be7 7. Re1 d6 8. b3
O-O 9. Bb2 Ne5 10. Qe2 Re8 11. Nd2 Nfd7 12. Rf1 Bf6 13. Rab1 c6 14. N4f3 Ng6
15. Bxf6 Qxf6 16. h3 d5 17. Bd3 Nc5 18. Nh2 dxe4 19. Nxe4 Nxe4 20. Bxe4 Bf5 21.
Rfe1 Rxe4 22. Qd2 Rae8 23. Nf3 Rxe1+ 24. Nxe1 a6 25. Nf3 Kf8 26. Qb4+ Qe7 27.
Qd2 Qc5 28. Rc1 Be4 29. Qd1 Qd5 30. Qf1 Bxf3 31. gxf3 Qxf3 32. Rd1 Nf4 33. Kh2
g5 34. Rd2 h5 35. Rd1 g4 36. hxg4 hxg4 37. Kg1 Kg7 38. Kh2 Rh8+ 39. Kg1 Rh1#
0-1

[Event "DVM U14w 2013"]
[Site "Oberbernhards-Hilders GER"]
[Date "2014.06.28"]
[Round "6"]
[White "Belusa, Laura Sophie"]
[Black "Oswald, Lena"]
[Result "0-1"]
[Termination "normal"]
[Board "5.4"]
[WhiteElo "1134"]
[BlackElo "1045"]
[WhiteTeam "USG Chemnitz"]
[BlackTeam "Schachgemeinschaft Leipzig"]
[PlyCount "116"]
[WhiteFideId "12964522"]
[BlackFideId "12983314"]
[EventCountry "GER"]
[EventRounds "7"]
[EventType "team-swiss"]
[EventDate "2013.12.26"]

1. e4 c5 2. Nf3 d6 3. Nc3 Nc6 4. d4 cxd4 5. Nxd4 Nf6 6. Bd3 Nxd4 7. Be3 Nc6 8.
h3 g6 9. Qd2 Bg7 10. a3 O-O 11. f4 d5 12. exd5 Nxd5 13. O-O-O Nxe3 14. Qxe3 Qb6
15. Qxb6 axb6 16. Nb5 Be6 17. Kb1 Rfd8 18. g4 Nd4 19. Nxd4 Rxd4 20. f5 Bd5 21.
Rhe1 Bf3 22. Rd2 Rd7 23. fxg6 hxg6 24. g5 Rad8 25. h4 e5 26. Rf2 e4 27. Be2
Bxe2 28. Rfxe2 Rd1+ 29. Rxd1 Rxd1+ 30. Ka2 Rd4 31. Re3 Rd2 32. c3 Rd6 33. Rxe4
Re6 34. Ra4 f5 35. gxf6 Bxf6 36. Rg4 Kh7 37. Rc4 Bxh4 38. Rxh4+ Kg7 39. Kb3 g5
40. Rg4 Kf6 41. Kc4 Kf5 42. Rd4 Re4 43. Kd3 Rxd4+ 44. cxd4 g4 45. d5 g3 46. d6
g2 47. d7 g1=Q 48. d8=Q Qd1+ 49. Kc3 Qxd8 50. Kb3 Qd4 51. a4 Ke4 52. a5 bxa5
53. Ka2 Qa4+ 54. Kb1 Qb3 55. Ka1 Kd4 56. Kb1 a4 57. Kc1 a3 58. Kb1 Qxb2# 0-1

[Event "DVM U14w 2013"]
[Site "Oberbernhards-Hilders GER"]
[Date "2014.06.28"]
[Round "6"]
[White "Rösler, Hannah Clara"]
[Black "Semenova, Alisa"]
[Result "0-1"]
[Termination "normal"]
[Board "6.1"]
[WhiteElo "879"]
[BlackElo "1586"]
[WhiteTeam "SK Bebenhausen 1992"]
[BlackTeam "SK Neumarkt"]
[PlyCount "108"]
[WhiteFideId "12983500"]
[BlackFideId "1272132"]
[EventCountry "GER"]
[EventRounds "7"]
[EventType "team-swiss"]
[EventDate "2013.12.26"]

1. c4 e6 2. Nc3 d5 3. cxd5 exd5 4. d4 c6 5. Nf3 Nf6 6. Bg5 Be7 7. e3 O-O 8. Be2
Bg4 9. O-O Nbd7 10. a3 a6 11. b4 Ne4 12. Bxe7 Qxe7 13. Qc2 Rac8 14. Rfe1 Nxc3
15. Qxc3 Nf6 16. Ne5 Bxe2 17. Rxe2 Ne4 18. Qd3 f6 19. Nf3 g5 20. Nd2 f5 21. Rc1
Rce8 22. Nb3 Nd6 23. Rec2 f4 24. Re2 Nc4 25. Nd2 fxe3 26. Nxc4 exf2+ 27. Rxf2
Qe1+ 28. Rxe1 Rxe1+ 29. Rf1 Rfxf1+ 30. Qxf1 Rxf1+ 31. Kxf1 dxc4 32. Ke2 Kf7 33.
Ke3 Ke6 34. Kd2 Kd5 35. Ke3 c3 36. Kd3 c2 37. Kxc2 Kxd4 38. Kd2 b6 39. g3 h5
40. h3 c5 41. bxc5 bxc5 42. Ke2 Kc3 43. Ke1 Kb2 44. a4 c4 45. a5 c3 46. Kd1 c2+
47. Kd2 c1=Q+ 48. Kd3 Qc5 49. g4 h4 50. Ke4 Kc3 51. Kf3 Kd3 52. Kg2 Ke2 53. Kh2
Kf1 54. Kh1 Qg1# 0-1